| 000 | 00842cam a2200229 i 4500 | ||
|---|---|---|---|
| 999 |
_c58399 _d58399 |
||
| 001 | 21757662 | ||
| 005 | 20220117124110.0 | ||
| 008 | 201015s2021 nyu ob 001 0 eng | ||
| 020 | _z9780367407223 | ||
| 041 | _aeng | ||
| 080 | _a372.21 F-43 | ||
| 100 | 1 |
_aFiore, Lisa B. _d _913394 |
|
| 245 | 1 | 0 |
_aAssessment of young children : _ba collaborative approach / _cLisa B Fiore. |
| 250 | _aSecond Edition. | ||
| 264 | 1 |
_aLondon : _bRoutledge, Taylor & Francis Group, _c2021. |
|
| 300 |
_a222 p. _b23 cm. |
||
| 653 | _aადრეული ბავშვობის განათლება | ||
| 653 | _aДошкольное образование | ||
| 653 | _aმცირეწლოვანი ბავშვების შეფასება | ||
| 653 | _aОценка маленьких детей | ||
| 942 |
_2udc _cBK |
||